| 000 | 00000nam##2200000za#4500 |
| 001 | 9.558111 |
| 003 | CaOODSP |
| 005 | 20210624172224 |
| 007 | cr ||||||||||| |
| 008 | 150406|2002||||xxc|||||o f|0| 0 eng|d |
| 020 | |a0-662-31924-9 |
| 040 | |aCaOODSP|beng |
| 043 | |an-cn--- |
| 086 | 1 |aH113-12/2002-1E-IN |
| 110 | 1 |aCanada. |bPest Management Regulatory Agency. |
| 245 | 10|aPersonal insect repellents containing DEET (N,N-diethyl-m-toluamide and related compounds) |h[electronic resource] |
| 260 | |aOttawa - Ontario : |bHealth Canada. |cApril 15, 2002. |
| 300 | |a46p.|bfig., glossary, graphs, tables |
| 490 | 1 |aRe-evaluation decision document |vRRD 2002-01 |
| 590 | |a12-01-Supp|b2012-01-13 |
| 775 | 08|tInsectifuges corporels contenant du DEET (N,N-diéthyl-m-toluamide et composés apparentés) |w(CaOODSP)9.591049 |
| 776 | 0#|tPersonal insect repellents containing DEET (N,N-diethyl-m-toluamide and related compounds) |w(CaOODSP)9.615932 |
| 830 | #0|aRe-evaluation decision document ;|vRRD 2002-01|w(CaOODSP)9.504451 |
| 856 | 40|ahttp://publications.gc.ca|qPDF|s635 KB|uhttps://publications.gc.ca/collections/Collection/H113-12-2002-1E.pdf|yRRD 2002-01 |